[Event "8th HDBank Cup 2018"]
[Site "Hanoi"]
[Date "2018.03.10"]
[Round "1"]
[White "Gu, Xiaobing"]
[Black "Wang, Hao"]
[Result "0-1"]
[WhiteElo "2354"]
[BlackElo "2713"]
[Annotator "TA"]
[PlyCount "78"]
[EventDate "2018.??.??"]
[EventCountry "VIE"]
[SourceTitle "playchess.com"]
[Source "ChessBase"]
[SourceQuality "1"]

{[%evp 25,78,8,0,-10,25,0,28,36,36,16,79,53,70,50,54,0,27,35,15,0,0,-13,0,-65,-51,-275,-269,-268,-106,-96,-101,-149,-148,-129,-126,-153,-125,-162,-152,-206,89,-204,-200,-199,-183,-213,-189,-183,-200,-212,-222,-212,-210,-726,-746]} 1. e4 c5 2. Nf3 Nc6 3. Bb5 g6 4. Bxc6 dxc6 5. d3 Bg7 6. h3 Nf6 7. Nc3 Nd7 8. Be3 e5 9. Qd2 h6 {B31: Sicilian: 2...Nc6 3 Bb5 g6} 10. O-O b6 11. Nh2 Nf8 (11... g5 12. Ne2 Nf8 13. Ng3 Ng6 14. a3 O-O 15. b4 cxb4 16. axb4 {½-½ (44) Caruana,F (2787)-Nakamura,H (2793) Saint Louis 2015}) 12. f4 exf4 13. Rxf4 Be6 {LiveBook: 5 Games} 14. Raf1 Nd7 15. R4f2 Qe7 16. Ne2 Ne5 17. Nf3 f6 $146 (17... g5 $11 {remains equal.}) ({Predecessor:} 17... Nxf3+ 18. Rxf3 O-O-O 19. b3 f5 20. exf5 Bxf5 21. Bf4 Be6 22. Bh2 {½-½ (22) Meier,G (2558)-Cordova,E (2493) Merida 2007}) 18. Nh4 O-O-O 19. Bf4 Bf7 20. Qc3 (20. Bxe5 $14 Qxe5 21. Qc3 Qxc3 22. Nxc3) 20... Be8 21. Qa3 {aiming for d4!} Kb7 22. Bg3 Rd7 23. Qa4 Bf7 24. Bxe5 (24. Qa3 $11) 24... Qxe5 $15 25. Nf4 $2 (25. b3 $15) 25... Qg5 $19 26. g3 f5 $2 (26... Qxg3+ $19 {and Black stays clearly on top.} 27. Rg2 Qxh4) 27. Kh2 $17 Bxb2 28. exf5 gxf5 29. Ne2 Re8 30. Nxf5 Be6 31. Nh4 Bg8 $1 32. Qf4 (32. Nf4 $17) 32... Rde7 $2 {[#]} (32... Bxa2 $19 {And now ...Rf7 would win.} 33. Qa4 Bg8) 33. Nf3 $2 {[%mdl 8192]} (33. Nf5 $1 $16 {[%cal Rf5d6] is necessary to keep the advantage.} Qxf4 34. Nxf4) 33... Qxf4 $19 34. Nxf4 Bc3 35. Nh4 Bxa2 36. Nf5 Rd7 37. Nxh6 {[#]} a5 $1 38. Ne2 Bh8 39. Nf7 $2 (39. g4) 39... Bxf7 {Precision: White = 34%, Black = 49%.} 0-1

[Event "8th HDBank Cup 2018"]
[Site "Hanoi"]
[Date "2018.03.10"]
[Round "1"]
[White "Li, Ruofan"]
[Black "Mareco, Sandro"]
[Result "0-1"]
[WhiteElo "2351"]
[BlackElo "2635"]
[Annotator "TA"]
[PlyCount "76"]
[EventDate "2018.??.??"]
[EventCountry "VIE"]
[SourceTitle "playchess.com"]
[Source "ChessBase"]
[SourceQuality "1"]

{[%evp 10,76,41,-21,-4,-9,-10,-8,-5,-7,0,0,-5,0,44,12,63,29,148,139,116,27,25,-13,-31,-77,-66,-65,-51,-131,-131,-128,-87,-100,-91,-98,-95,-138,-137,-119,-132,-141,-137,-132,-107,-115,-101,-160,-165,-216,-227,-327,-328,-325,-317,-466,-461,-462,-466,-456,-460,-463,-446,-613,-599,-1006,-946,-802,-767]} 1. d4 d5 2. Bf4 Nf6 3. e3 c5 {[%cal Bc7c5,Bc5c4][%mdl 32]} 4. c3 Nc6 5. Nd2 g6 (5... Bf5 6. Ngf3 e6 7. Be2 Bd6 8. dxc5 Bxc5 9. Nd4 Bg6 10. Qa4 O-O 11. Nxc6 bxc6 12. Qxc6 Rc8 13. Qa4 Re8 14. O-O e5 {0-1 (57) Le,Q (2737)-Ding,L (2777) Riadh 2017}) 6. Bd3 {LiveBook: 3 Games. D00: 1 d4 d5: Unusual lines} (6. dxc5 $14 e5 7. Bg5) 6... Qb6 7. Qb3 $146 ({Find the theoretical novelty and annotate with similar games:} 7. Rb1 Bg7 8. h3 O-O 9. Ngf3 Nd7 10. O-O e5 11. dxe5 Ndxe5 12. Bc2 h6 13. Nxe5 Nxe5 {0-1 (52) Tosic,S (2367)-Matsenko,S (2460) Paracin 2012}) 7... c4 8. Qxb6 {The position is equal.} axb6 9. Bc2 b5 10. Ne2 b4 11. O-O b5 12. e4 h6 (12... dxe4 $11 13. a4 (13. Nxe4 Nd5 $11) 13... bxa3) 13. Be5 Bb7 (13... Nxe5 $11 14. dxe5 Ng4) 14. Bxf6 $1 $16 exf6 15. Rfe1 ({White should try} 15. exd5 $16 Ne7 16. a4 (16. cxb4 Nxd5 17. a3 f5 $14) 16... bxa3 17. bxa3) 15... dxe4 $11 16. Nxe4 f5 17. Nf6+ {[#]} Kd8 $1 {...Ne7 is the strong threat.} 18. Nd5 Ra5 19. Red1 (19. Ne3 $15) 19... bxc3 $17 20. bxc3 Ra3 21. Rab1 Ba6 (21... Rxa2 22. Rxb5 Rxc2 23. Rxb7 $16) 22. Rb2 Bd6 23. Bb1 Ne7 24. Ne3 Kc7 25. Rbd2 Bb7 26. d5 Ra5 27. g3 Rd8 28. Kf1 (28. Nd4 $142) 28... Bc5 29. Nf4 (29. Kg1 $142) 29... Rd6 $19 30. Nfg2 (30. Ke1 $142) 30... Ra3 31. Rb2 Bxd5 32. Rxb5 (32. Re1 {was called for.} Rb6 33. Nf4) 32... Bxg2+ {Black is clearly winning.} 33. Kxg2 Bxe3 $1 34. Rxd6 Kxd6 35. fxe3 {KRB-KRN} Nd5 36. e4 Nxc3 37. Rb6+ Kc5 38. Rb7 fxe4 {Precision: White = 20%, Black = 60%.} 0-1

[Event "8th HDBank Cup 2018"]
[Site "Hanoi"]
[Date "2018.03.10"]
[Round "1"]
[White "Nguyen, Van Hai"]
[Black "Nguyen, Ngoc Truong Son"]
[Result "1/2-1/2"]
[WhiteElo "2335"]
[BlackElo "2630"]
[Annotator "TA"]
[PlyCount "61"]
[EventDate "2018.??.??"]
[EventCountry "VIE"]
[SourceTitle "playchess.com"]
[Source "ChessBase"]
[SourceQuality "1"]

{[%evp 16,61,11,1,22,3,18,0,0,0,15,16,17,9,16,1,6,7,9,-19,0,-18,-1,-18,-18,-18,0,0,0,0,10,3,0,0,-2,-4,0,0,0,0,0,0,0,0,0,0,0,0]} 1. e4 c6 2. d4 d5 3. Nc3 dxe4 4. Nxe4 Nf6 5. Nxf6+ exf6 6. Nf3 Bd6 7. Be2 O-O 8. O-O Re8 9. Re1 {LiveBook: 13 Games. The position is equal.} Bf5 {B15: Caro-Kann: 3 Nc3: 3...g6 and 3...dxe4 4 Nxe4 Nf6 5 Nxf6+ exf6} 10. Be3 Nd7 11. h3 Nf8 $146 ({Predecessor:} 11... Be4 12. Nd2 f5 13. Nxe4 fxe4 14. c4 Qc7 15. Bf1 Bh2+ 16. Kh1 Bf4 17. Qd2 Bxe3 18. Qxe3 {1-0 (73) Karpov,A (2705)-Hort,V (2600) Tilburg 1979}) 12. Bd3 Qd7 (12... Be6 {looks sharper.} 13. c4 Ng6 14. Bf1 Bf5 15. Bd3 Be6) 13. Bxf5 Qxf5 14. c3 Re7 15. Bd2 Rae8 16. Rxe7 Rxe7 17. Qa4 a6 18. Qb3 h5 19. Re1 Rxe1+ 20. Nxe1 b5 21. Qc2 Qe6 22. b3 Nd7 23. Qd3 f5 24. Qe3 c5 25. dxc5 Nxc5 26. Qxe6 fxe6 $11 {KBN-KBN} 27. f3 e5 28. Kf2 Kf7 29. Ke2 Ke6 30. Nd3 Nxd3 31. Kxd3 {Precision: White = 53%, Black = 44%.} 1/2-1/2

[Event "8th HDBank Cup 2018"]
[Site "Hanoi"]
[Date "2018.03.10"]
[Round "1"]
[White "Duong, The Anh"]
[Black "Wen, Yang"]
[Result "1/2-1/2"]
[WhiteElo "2327"]
[BlackElo "2608"]
[Annotator "TA"]
[PlyCount "94"]
[EventDate "2018.??.??"]
[EventCountry "VIE"]
[SourceTitle "playchess.com"]
[Source "ChessBase"]
[SourceQuality "1"]

{[%evp 21,94,25,46,16,14,16,16,-35,18,14,18,0,0,0,0,0,0,0,-8,-19,0,0,0,0,-4,-14,-6,-17,0,-17,-13,-16,-4,-12,0,0,0,-25,-10,-26,-35,-26,-20,-56,-18,-17,-34,-24,-8,-41,0,0,0,0,27,0,0,0,0,0,0,0,0,0,3,0,8,0,0,0,0,0,0,0,0]} 1. d4 c5 2. d5 d6 3. e4 Nf6 4. Nc3 g6 5. Nf3 Bg7 6. Bb5+ Bd7 7. a4 O-O 8. h3 Bxb5 9. axb5 Nbd7 10. O-O Ne8 {A43: Schmid Benoni} 11. Bg5 (11. Qe2 Nc7 12. Bf4 Nb6 13. Rfd1 Qd7 14. e5 f6 15. exd6 exd6 16. Ra5 Rfe8 17. Qd3 f5 18. Rda1 {½-½ (40) Navara,D (2725)-Martinovic,S (2550) Tallinn 2016}) 11... Nc7 {LiveBook: 3 Games} 12. Qe2 Nb6 13. Ra5 Qd7 {[#]} 14. Nd2 $146 (14. Rfa1 $11) ({Predecessor:} 14. Rfa1 a6 15. bxa6 bxa6 16. Rd1 {½-½ (16) Browne,W (2585)-Alburt,L (2515) New York,NY 1984}) 14... Rfb8 (14... e6 $15) 15. Rfa1 $11 Nc8 16. Ndb1 a6 17. bxa6 Rxa6 18. Rxa6 bxa6 19. Ra2 f5 20. f3 fxe4 21. fxe4 Nb6 {[%cal Bc8b6,Bb6d7,Bd7f6][%mdl 32]} 22. Nd2 e6 {[%cal Re6d5]} 23. dxe6 Qxe6 {[#] ...Bxc3 is the strong threat.} 24. Ra3 Nd7 25. Rb3 Rxb3 26. cxb3 Bd4+ 27. Kh1 Nf6 28. Bf4 Kg7 29. Bh2 g5 30. Bg1 g4 31. Qd3 gxh3 32. Qxh3 Kf7 33. Bxd4 {[#] Black must now prevent Bf2.} cxd4 34. Ne2 Nb5 35. Qf3 d5 36. exd5 Qxd5 37. Qd3 Kg7 38. Kg1 Ng4 {The position is equal.} 39. Nf3 {[%cal Re2d4]} Ne5 40. Nxe5 Qxe5 41. Kf2 Qf6+ 42. Ke1 h5 43. g3 Qe5 44. Kd1 Kf6 45. Nf4 Qf5 46. Qxf5+ Kxf5 47. Nxh5 Kg4 {Precision: White = 59%, Black = 56%.} 1/2-1/2

[Event "8th HDBank Cup 2018"]
[Site "Hanoi"]
[Date "2018.03.10"]
[Round "1"]
[White "Kathmale, Sameer"]
[Black "Karthikeyan, Murali"]
[Result "0-1"]
[WhiteElo "2320"]
[BlackElo "2592"]
[Annotator "TA"]
[PlyCount "92"]
[EventDate "2018.??.??"]
[EventCountry "VIE"]
[SourceTitle "playchess.com"]
[Source "ChessBase"]
[SourceQuality "1"]

{[%evp 15,92,20,18,2,4,-2,0,-9,0,0,0,-11,-15,-149,-131,-140,-140,-131,-128,-145,-149,-132,-133,-218,-214,-223,-224,-209,-192,-202,-120,-131,-125,-112,-131,-187,-176,-169,-170,-166,-158,-171,-165,-236,-212,-216,-139,-143,-71,-60,-60,-68,-64,-63,-75,-76,-39,-53,-21,-25,-15,-37,0,0,0,0,0,0,-40,-29968,-29970,-29966,-11082,-7112,-6490,-29981,-29982,-29990,-29991]} 1. e4 c5 2. Nf3 Nc6 3. d4 cxd4 4. Nxd4 e6 5. Nc3 Qc7 6. f4 a6 7. Nxc6 bxc6 {B47: Sicilian: Taimanov: 5 Nc3 Qc7 6 f4, 6 g3 and 6 Be2} (7... Qxc6 8. Bd3 b5 9. Qe2 Bb7 10. Bd2 Bc5 11. O-O-O Ne7 12. a3 O-O 13. Qh5 f6 14. Rhf1 Rf7 15. g4 b4 16. axb4 Bxb4 17. e5 f5 18. Rg1 Rc8 {0-1 (53) Saric,I (2669)-Harikrishna,P (2744) Riadh 2017}) 8. Bd3 d5 {LiveBook: 152 Games} 9. Bd2 Nf6 {The position is equal.} 10. Qf3 $146 ({Predecessor:} 10. e5 Nd7 11. Na4 c5 12. b3 Bb7 13. Qe2 Be7 14. Nb2 O-O 15. O-O {1-0 (63) Stamatiou,R (1663)-Michalis,V (1475) Achaia 2017}) 10... Rb8 11. b3 Bb4 12. e5 Nd7 13. a3 Bc5 14. Na4 {[#]} (14. b4 $11 Ba7 15. Ne2) 14... Nxe5 $1 $17 {[%mdl 512]} 15. Qe2 (15. fxe5 Qxe5+) 15... Nxd3+ 16. Qxd3 Bd6 17. O-O O-O 18. b4 e5 {[%cal Re5f4]} 19. fxe5 (19. c4 $17 {was called for.}) 19... Bxe5 $19 20. Rae1 Bxh2+ 21. Kh1 Bd6 22. Nc5 {[#]} f6 (22... a5 $1 $19 {Strongly threatening ...axb4.} 23. Qd4 (23. bxa5 Bxc5) 23... axb4 24. axb4 Rb5) 23. Nxa6 $17 Qf7 24. Bf4 Ra8 25. b5 (25. Bxd6 $17 {was worth a try.} Bxa6 26. Qf5) 25... Bxf4 $19 26. Rxf4 cxb5 27. Nc5 Bd7 28. Rh4 {[%csl Gh4][%cal Rd3h7]} h6 29. Qg3 (29. Nxd7 $142 Qxd7 30. Rh5) 29... Bf5 30. Rxh6 Rac8 31. Rf1 Bxc2 ({Don't do} 31... Rxc5 32. Rxf5 Rxc2 33. Rhxf6 $17) ({Better is} 31... Qc7 $1 {[%cal Rc7g3]} 32. Qxc7 Rxc7 33. Rxf5 Rxc5) 32. Rfxf6 $17 Qxf6 33. Rxf6 Rxf6 34. Qe3 Bg6 35. Nd7 Rf1+ 36. Kh2 {next Qe6+ is good for White.} Be4 37. Qb6 Kh7 {Hoping for ...Rc2.} 38. Qe6 $1 Rc2 39. Qh3+ Kg8 40. Qe6+ Kh7 41. Qh3+ Kg6 ({Much less strong is} 41... Kg8 42. Qe6+ Kh7 $17) 42. Ne5+ $2 {[%mdl 8192] [#]} (42. Qe6+ $15 Kg5 43. Qe7+ Kh5 44. Qe8+ Kg4 45. Ne5+ Kg5 46. Qe7+ Kh5 47. Qe8+ g6 48. Qh8+ Kg5 49. Qd8+ Kf5 50. Qf8+ Kxe5 51. Qxf1) 42... Kg5 $1 43. Qg4+ Kf6 44. Nd7+ {[#]} Ke7 $1 45. Qxg7+ Rf7 46. Qe5+ Kxd7 {Precision: White = 43%, Black = 73%.} 0-1

[Event "8th HDBank Cup 2018"]
[Site "Hanoi"]
[Date "2018.03.10"]
[Round "1"]
[White "Tokhirjonova, Gulrukhbegim"]
[Black "Bogdanovich, Stanislav"]
[Result "0-1"]
[WhiteElo "2318"]
[BlackElo "2560"]
[Annotator "TA"]
[PlyCount "130"]
[EventDate "2018.??.??"]
[EventCountry "VIE"]
[SourceTitle "playchess.com"]
[Source "ChessBase"]
[SourceQuality "1"]

{[%evp 10,130,25,33,82,53,61,55,56,50,63,44,65,62,64,56,60,63,56,57,79,52,52,41,38,49,54,19,44,37,114,52,48,57,84,0,35,14,29,24,31,20,47,52,41,65,44,0,10,7,0,-132,-121,-135,-140,-140,-150,-143,-145,-138,-147,-125,0,0,53,53,178,-102,-89,-135,-156,-164,-145,-492,-491,-479,-477,-483,-286,-278,0,-422,0,-444,-452,-475,-464,-456,-282,-252,0,-466,-447,-377,-414,-420,-411,-531,-526,-525,-520,-492,-512,-435,0,-442,-415,-423,-408,-6123,-5206,-1191,-993,-29992,-29986,-29986,-29987,-29987,-29988,-29988,-29989,-29989,-29990]} 1. e4 c6 2. Nf3 d5 3. Nc3 g6 4. d4 Bg7 5. h3 dxe4 6. Nxe4 Nh6 {B15: Caro-Kann: 3 Nc3: 3...g6 and 3...dxe4 4 Nxe4 Nf6 5 Nxf6+ exf6} (6... Nf6 7. Nxf6+ exf6 8. Bc4 O-O 9. O-O a5 10. a4 Na6 11. c3 Nc7 12. Bf4 Nd5 13. Bh2 Be6 14. Nd2 f5 15. Bb3 h5 16. Re1 Bh6 17. Be5 {0-1 (50) Karthikeyan,M (2574)-Wei,Y (2748) Ashkhabad 2017}) 7. Bc4 Nf5 {[%cal Rf5d4]} 8. c3 O-O {White is slightly better.} 9. O-O Nd7 10. Bf4 a5 $146 ({Predecessor:} 10... Nb6 11. Bb3 a5 12. a4 Nd6 13. Nc5 Nd5 14. Be5 {1-0 (32) Petkidis,A (2206)-Peters,F (2131) Germany 2016}) 11. a4 Nb6 12. Ba2 Nd5 13. Bh2 b6 14. Re1 Ba6 15. Ned2 Rc8 16. Ne5 e6 17. Ne4 Qe7 18. Qc2 Rfd8 19. Rad1 Qa7 (19... h5 $14) 20. Qc1 ({White should play} 20. Ng5 $16) 20... Bh6 $14 21. Qb1 Bg7 22. Qc1 (22. Ng5 $16) 22... Qe7 (22... Bh6 $5 {[%cal Rh6c1]} 23. Qc2 Bg7 $14) 23. Kh1 Bb7 24. Nc4 Bh6 25. Qc2 Ba8 26. Qe2 c5 27. dxc5 bxc5 28. Nxa5 (28. Bb1 {looks sharper.} Bf4 29. Nb6 Nxb6 30. Bxf4 Rxd1 31. Rxd1 Bc6 32. Bc2) 28... Nde3 29. fxe3 Bxe4 30. Bb1 {[#]} (30. Nc4 $11 {remains equal.}) 30... Bxg2+ $1 $17 {[%mdl 512]} 31. Kxg2 (31. Qxg2 Rxd1) 31... Nxe3+ 32. Kh1 Nxd1 33. Rxd1 Rxd1+ 34. Qxd1 Rd8 $1 {[%cal Rd8d1]} 35. Qf3 Qg5 ({Black should try} 35... Qd7 $1 $17 {[%cal Rd7a4]} 36. Bg1 Qxa4) 36. Bd3 $1 $11 Qc1+ (36... Qd2 $11 37. Bf1 Qd1 38. Qxd1 Rxd1) 37. Bg1 $1 $14 Rd5 (37... Qd2 $14 38. Bf1 Qd1) 38. Nb3 $2 ({Better is} 38. Nc4 $1 $18) 38... Qxb2 $40 {[%mdl 128] Black attacks with force.} 39. Bc4 Rf5 40. Qa8+ Bf8 $1 41. Bxc5 $2 {[%mdl 8192]} (41. Bd3 $17 {is more resistant.}) 41... Qb1+ $19 ({Not} 41... Rxc5 42. Nxc5 Qc1+ 43. Kg2 $19) 42. Kh2 {[%csl Gc5][%cal Ra8f8]} Qc2+ (42... Qa2+ 43. Kh1 $19) 43. Kh1 {[%csl Gc5][%cal Ra8f8]} Qd1+ ({Weaker is} 43... Rxc5 44. Nxc5 Qc1+ 45. Kh2 $19) (43... h5 $142 44. Qxf8+ Kh7) 44. Kh2 {[%csl Gc5][%cal Ra8f8] [#]} Qc2+ (44... Rxc5 $142 $1 {[%mdl 512]} 45. Nxc5 Qd6+ 46. Kh1 Qxc5) 45. Kh1 {[%csl Gc5][%cal Ra8f8]} Qb1+ ({Less strong is} 45... Rxc5 46. Nxc5 Qc1+ 47. Kg2 $19) 46. Kh2 {[%csl Gc5][%cal Ra8f8]} Qa2+ 47. Kg1 {[%csl Gc5][%cal Ra8f8]} Rg5+ (47... Rxc5 $2 48. Nxc5 Qb1+ 49. Kf2 $19) 48. Kh1 {[%csl Gc5][%cal Ra8f8]} Qb1+ 49. Kh2 {[%csl Gc5][%cal Ra8f8]} Qa2+ $2 (49... Qc2+ 50. Kh1 Qb1+ 51. Kh2 Qa2+ 52. Kh1 {[#]} Rxc5 $1 {[%mdl 512]} 53. Nxc5 Qxc4) 50. Kh1 {[%csl Gc5][%cal Ra8f8] [#]} Rxc5 $1 {[%mdl 512]} 51. Nxc5 Qxc4 52. Ne4 f5 53. Ng3 Qxc3 54. Kg2 Qd2+ 55. Kf1 Qe3 56. Kg2 Qd2+ 57. Kf1 $1 Kg7 58. Qc6 Qe3 {Threatens to win with ...Bc5.} 59. Kg2 (59. Ne2 $142) 59... Bc5 {( -> ...Qg1+)} 60. h4 f4 61. Ne4 f3+ {Black mates.} 62. Kg3 f2+ 63. Kg2 {[#]} f1=B+ $1 64. Kxf1 Qf3+ 65. Ke1 Bb4+ {Precision: White = 51%, Black = 56%.} 0-1

[Event "8th HDBank Cup 2018"]
[Site "Hanoi"]
[Date "2018.03.10"]
[Round "1"]
[White "Nitish Belurkar"]
[Black "Sivuk, Vitaly"]
[Result "0-1"]
[WhiteElo "2293"]
[BlackElo "2526"]
[Annotator "TA"]
[PlyCount "56"]
[EventDate "2018.??.??"]
[EventCountry "VIE"]
[SourceTitle "playchess.com"]
[Source "ChessBase"]
[SourceQuality "1"]

{[%evp 12,56,0,0,14,-3,0,0,20,22,22,15,16,22,18,15,18,18,23,16,24,25,29,0,23,10,39,0,0,0,0,0,0,-57,-57,-62,-64,-69,-48,-58,-52,-63,-41,-41,-43,-43,-20]} 1. d4 Nf6 2. Nf3 g6 3. Bg5 Bg7 4. Nbd2 O-O 5. c3 d6 6. e4 h6 7. Be3 {LiveBook: 5 Games. A48: 1 d4 Nf6 2 Nf3 g6: Torre, London and Colle Systems} (7. Bh4 Nc6 8. Bc4 e5 9. dxe5 dxe5 10. Qc2 Qe8 11. Bxf6 Bxf6 12. h4 h5 13. Nf1 Bg4 14. Ne3 Bxf3 15. gxf3 Ne7 {0-1 (39) Duda,J (2717)-Rakhmanov,A (2653) Riadh 2017}) 7... Ng4 8. Bf4 e5 9. dxe5 {The position is equal.} Nxe5 10. Nxe5 dxe5 11. Be3 Qe7 $146 ({Predecessor:} 11... Nd7 12. Be2 Qe7 13. O-O Nc5 14. Qc2 Ne6 {1-0 (37) Feller,S (2478)-Bosiocic,M (2496) Pardubice 2007}) 12. Bc4 Nd7 13. O-O Nc5 14. Qc2 Ne6 15. Rfe1 Kh7 16. Rad1 a5 17. f3 h5 18. Nf1 Bh6 19. Bxh6 Kxh6 20. Ne3 c6 21. Qd2 {[#] White threatens Nf5+ and mate.} Kg7 22. Bxe6 ({Better is} 22. Bf1 $11) 22... Bxe6 $15 {Black is slightly better.} 23. c4 Rfd8 24. Qf2 Rxd1 25. Rxd1 Rd8 26. b3 a4 27. Rxd8 Qxd8 28. Qb2 Qd6 {[%mdl 32768] Precision: White = 60%, Black = 67%. . Loss on Time!?} 0-1

[Event "8th HDBank Cup 2018"]
[Site "Hanoi"]
[Date "2018.03.10"]
[Round "1"]
[White "Lee, Jun Hyeok"]
[Black "Tran, Tuan Minh"]
[Result "0-1"]
[WhiteElo "2286"]
[BlackElo "2522"]
[Annotator "TA"]
[PlyCount "97"]
[EventDate "2018.??.??"]
[EventCountry "VIE"]
[SourceTitle "playchess.com"]
[Source "ChessBase"]
[SourceQuality "1"]

{[%evp 9,97,-2,0,-1,-10,-4,4,0,0,-5,-5,-3,0,0,-1,-2,0,-4,0,-8,-8,-8,-7,-7,-7,-12,-6,-2,-4,-7,-10,-15,-12,-13,0,0,46,43,45,38,45,56,52,40,81,31,34,35,33,33,34,31,29,46,48,31,41,9,12,0,0,0,445,0,0,0,0,0,0,2,12,0,10,-226,-216,-791,-791,-782,-782,-782,-321,-782,-773,-704,-678,-772,-765,-745,-713,-12847]} 1. d4 Nf6 2. Nf3 b6 3. Bg5 Bb7 4. Bxf6 exf6 5. e3 g6 {LiveBook: 10 Games} (5... f5 6. Bd3 g6 7. O-O Bg7 8. c4 O-O 9. Nc3 Re8 10. Rc1 c5 11. dxc5 bxc5 12. Be2 Nc6 {1-0 (39) Shimanov,A (2641)-Mamedyarov,S (2804) chess.com INT 2018}) 6. g3 {A47: 1 d4 Nf6 2 Nf3 b6: Torre, London and Colle Systems} Bg7 7. Bg2 O-O 8. O-O {The position is equal.} d5 $146 ({Predecessor:} 8... d6 9. d5 f5 10. Nd4 Nd7 11. a4 {1-0 (29) Medancic,R (2223)-Weil,D (1901) Condino 2012}) 9. Nfd2 Qc8 10. a4 f5 11. a5 c5 12. axb6 axb6 13. Rxa8 Bxa8 14. dxc5 bxc5 15. c4 $1 Rd8 16. cxd5 Bxd5 17. Bxd5 Rxd5 18. Qb3 Rd8 19. Nc4 Qe6 20. Nc3 Nc6 21. Qb5 f4 22. exf4 ({Don't go for} 22. Qxc5 $2 f3 $19) 22... Nd4 23. Qb6 ({Wrong is} 23. Qxc5 $2 Rc8 $19) 23... Qc8 {[#] aiming for ...Nf3+.} 24. Nd6 Qb8 25. Qxb8 Rxb8 26. Ra1 Bf8 27. Nce4 {[#] Threatens to win with Nf6+.} (27. Nc4 {is interesting.} Bg7 28. Ne4 Ne6 29. Ra2 Bd4 30. Kf1) 27... Bxd6 28. Nxd6 Rxb2 $14 {[%mdl 4096] Endgame KRN-KRN} 29. Ra8+ Kg7 30. Ra7 Nf3+ 31. Kg2 Ne1+ $1 32. Kh3 Rxf2 33. Rxf7+ Kg8 $1 34. Rd7 Nf3 35. Ne4 Rxh2+ 36. Kg4 Nd4 $1 37. Nxc5 Nf5 38. Ne4 Kf8 39. Kg5 Ne7 40. Nd6 Nd5 {Strongly threatening ...Rh5+.} 41. Rd8+ $2 (41. Ra7 $11 {and White stays safe.}) 41... Ke7 $19 42. Nb7 $2 (42. Re8+ Kxd6 43. Ra8) 42... Nf6 {[%csl Gf6,Gg6][%cal Rh2h5]} 43. f5 Rh5+ 44. Kf4 Rxf5+ 45. Ke3 Rb5 {Black is clearly winning.} 46. Rb8 Rb3+ 47. Kd4 Nd7 48. Kc4 Rb1 (48... Nxb8 $2 49. Kxb3 h5 50. Kc4 $17) 49. Kd4 {Precision: White = 59%, Black = 74%.} 0-1

[Event "8th HDBank Cup 2018"]
[Site "Hanoi"]
[Date "2018.03.10"]
[Round "1"]
[White "Nguyen, Thi Thanh An"]
[Black "Xu, Yi"]
[Result "1/2-1/2"]
[WhiteElo "2274"]
[BlackElo "2499"]
[Annotator "TA"]
[PlyCount "153"]
[EventDate "2018.??.??"]
[EventCountry "VIE"]
[SourceTitle "playchess.com"]
[Source "ChessBase"]
[SourceQuality "1"]

{[%evp 12,153,3,2,37,25,58,41,74,60,60,57,36,31,53,19,17,0,4,12,61,51,114,120,118,116,106,117,114,112,213,170,189,165,250,244,340,246,285,223,287,239,219,227,301,304,346,357,348,350,371,270,296,273,251,177,191,207,201,199,483,483,431,486,463,467,474,464,460,447,490,483,862,247,191,40,36,8,120,1,1,1,8,0,0,0,0,0,355,0,0,0,12846,12847,12847,12847,12848,12845,12850,0,0,0,0,0,0,0,0,0,0,0,0,0,0,0,0,0,0,0,0,0,0,0,0,0,0,0,0,0,0,0,0,0,0,0,0,0,0,0,0,0,0,0,0,0]} 1. d4 Nf6 2. c4 e6 3. Nc3 Bb4 4. Qc2 b6 5. Bg5 Bb7 6. e3 h6 {E32: Nimzo-Indian: Classical (4 Qc2): 4...0-0} 7. Bh4 {LiveBook: 11 Games} g5 8. Bg3 Ne4 {White has an edge.} 9. Nge2 $1 f5 10. f3 $146 ({Predecessor:} 10. O-O-O Nxg3 11. hxg3 Qf6 12. e4 Bxc3 13. Nxc3 Nc6 14. Nb5 O-O-O 15. e5 Qe7 {½-½ (35) Kuljasevic,D (2555)-Smith,B (2478) Lubbock 2010}) 10... Nxg3 11. hxg3 Qf6 12. a3 Be7 13. Nb5 Na6 14. O-O-O c6 15. Nbc3 d5 16. cxd5 cxd5 (16... exd5 $14 17. e4 fxe4) 17. Qa4+ Kd8 18. Kb1 Nc7 19. Nc1 Bd6 20. Nd3 Ke7 (20... Qg7 $16) 21. g4 a6 22. gxf5 exf5 (22... Qxf5 $142 23. Be2 Rag8) 23. f4 $18 Rae8 24. g3 g4 25. Qb3 b5 26. Bg2 Kf8 27. Ne5 (27. Bxd5 $2 Nxd5 28. Nc5 (28. Nxd5 $2 Qf7 $19) 28... Nxc3+ 29. Qxc3 Bxc5 $19) (27. Nxd5 Bxd5 28. Bxd5 Rxe3 $11) 27... Qe6 {[#]} 28. Na4 $1 {[%mdl 512]} Kg7 (28... bxa4 29. Qxb7) 29. Nc5 Bxc5 30. dxc5 Bc6 31. Nxc6 Qxc6 32. Bxd5 Nxd5 33. Qxd5 Qxd5 34. Rxd5 Rxe3 {[%mdl 4096] Endgame KRR-KRR} 35. c6 {Strongly threatening Rd7+.} ({Inferior is} 35. Rxf5 Rxg3 36. Re1 Rc8 $11) 35... Rf8 $2 (35... Kf7 {was called for.} 36. c7 (36. Rxf5+ Ke6 $14) 36... Rc8) 36. Rd7+ Kg6 37. Rd6+ Kg7 38. Rhxh6 {Threatens to win with Rdg6+.} Rc8 39. Rdg6+ Kf7 40. Rf6+ Ke7 41. Rxf5 Rxg3 (41... Re1+ $142 42. Kc2 Re6 43. Rxe6+ Kxe6 44. Re5+ Kd6) 42. Rg5 $2 (42. Rd5 {Rd7+ would kill now.} Rh3 43. Rd7+ Kf8 44. Rf6+ Ke8 45. Re6+ Kf8 46. Rf6+ Ke8 47. Re6+ Kf8 48. c7) 42... Rh3 {[#]} 43. Rg7+ $2 (43. Rhg6 $1 $18) 43... Kf8 $14 44. Rxh3 (44. Rhg6 {is interesting.} Rxc6 45. Rxg4 Rf3 46. Ra7 Rf2 47. Rh4) 44... Kxg7 {[#] KR-KR} (44... gxh3 $11 45. Rg6 (45. Rh7 Kg8 $14) 45... Kf7) 45. Rh4 ({White has to play} 45. Rc3 $1 $16) 45... Rxc6 $11 46. Rxg4+ Kf6 47. Ka2 Kf5 48. Rh4 Ke4 49. Kb3 Kf5 $2 {[%mdl 8192]} (49... Rg6 $11 {and Black has nothing to worry.}) 50. a4 $2 (50. Kb4 $18 Rc2 51. b3) 50... bxa4+ 51. Kxa4 Rf6 $2 {[%mdl 8192]} (51... Rc4+ $11 52. Ka5 Rc2) 52. Ka5 $18 Ke4 53. b4 Kd5 54. Rh1 Kc6 55. Rc1+ $2 (55. Kxa6 $18 {b5+ is the strong threat.} Kd5+ 56. Ka5) 55... Kb7 $1 $11 {The position is equal.} 56. Rc4 Rf5+ 57. Ka4 Kb6 58. Re4 Kc6 59. Rd4 Kc7 60. Re4 Kc6 61. Rd4 Kc7 62. Kb3 a5 63. bxa5 Rxa5 64. Kc3 {aiming for Kd3.} (64. f5 {is more complex.} Rxf5 65. Kc3 Kc6 66. Kc4 Rf3 67. Re4) 64... Kc6 65. Re4 Kd6 66. Kd3 Ra3+ 67. Ke2 Ra7 68. Kf3 {Black must now prevent Kg4.} Re7 69. Ra4 Ke6 70. Ra5 Kf6 71. Kg4 {With the idea Ra6+.} Rg7+ 72. Kf3 Rg1 73. Ra6+ Kf5 74. Ra5+ Kf6 75. Re5 Rf1+ 76. Ke4 Re1+ 77. Kd5 {Precision: White = 57%, Black = 51%.} 1/2-1/2